[Event "Nova Gorica op 27th"]
[Site "Nova Gorica"]
[Date "2023.03.16"]
[Round "1"]
[White "Vicic, Mark"]
[Black "Gelardi, Davide"]
[Result "1-0"]
[WhiteElo "1690"]
[BlackElo "1948"]
[PlyCount "71"]
[EventDate "2023.03.16"]
[EventType "swiss"]
[EventRounds "9"]
[EventCountry "SLO"]
[SourceTitle "CBM 213 Extra"]
[Source "ChessBase"]
[SourceDate "2023.05.31"]
[SourceVersion "1"]
[SourceVersionDate "2023.05.31"]
[SourceQuality "1"]

1. b3 d5 2. Bb2 Bg4 3. h3 Bh5 4. Nf3 Bxf3 5. exf3 e6 6. Be2 Nf6 7. 0-0 Bd6 8. c4 0-0 9. d4 c6 10. Re1 Nh5 11. Bf1 Nd7 12. Ba3 Bxa3 13. Nxa3 Re8 14. g3 f5 15. Nc2 f4 16. g4 Nhf6 17. Nb4 Qb6 18. Qd2 a5 19. Nc2 g5 20. h4 h6 21. h5 e5 22. dxe5 Nxe5 23. Kg2 Rad8 24. Rad1 dxc4 25. Bxc4+ Kg7 26. Qc3 Rxd1 27. Rxd1 Nxc4 28. bxc4 Rd8 29. Nd4 Kf7 30. Qd3 Rxd4 31. Qxd4 Qxd4 32. Rxd4 Ke6 33. Rd8 Nd7 34. Rh8 Ke5 35. Rxh6 Kd4 36. Rd6+ 1-0

[Event "Anti Cheating Blitz Cup"]
[Site "Chess.com INT"]
[Date "2020.05.20"]
[Round "4"]
[White "Carbone, Stefano"]
[Black "Gelardi, Davide"]
[Result "1-0"]
[WhiteElo "2091"]
[BlackElo "1905"]
[PlyCount "83"]
[EventDate "2020.05.20"]
[EventType "swiss (blitz)"]
[EventRounds "11"]
[EventCountry "USA"]
[SourceTitle "CBM 196 Extra"]
[Source "ChessBase"]
[SourceDate "2020.07.31"]
[SourceVersion "1"]
[SourceVersionDate "2020.07.31"]
[SourceQuality "1"]

1. Nf3 Nf6 2. g3 d5 3. Bg2 c6 4. 0-0 Bf5 5. c4 e6 6. Qb3 Qb6 7. d3 Nbd7 8. Be3 Qxb3 9. axb3 a6 10. h3 h6 11. Rc1 Be7 12. Bd2 0-0 13. b4 dxc4 14. dxc4 Ne4 15. Be1 Bf6 16. Nc3 Rfd8 17. b5 axb5 18. Rxa8 Rxa8 19. cxb5 cxb5 20. Nxe4 Bxe4 21. Bc3 Rc8 22. Rd1 Bxc3 23. bxc3 Nf6 24. Nd4 Bxg2 25. Kxg2 Rxc3 26. Nxb5 Rc2 27. Rd8+ Kh7 28. Kf3 Rb2 29. Nd6 Kg6 30. Rb8 b6 31. Nc4 Rb3+ 32. e3 b5 33. Ne5+ Kf5 34. Nxf7 e5 35. Nd6+ Ke6 36. Rxb5 Rxb5 37. Nxb5 e4+ 38. Ke2 Kd5 39. Nd4 g6 40. g4 Nd7 41. Nb5 Ne5 42. Nc3+ 1-0

[Event "Anti Cheating Blitz Cup"]
[Site "Chess.com INT"]
[Date "2020.05.20"]
[Round "11"]
[White "Gelardi, Davide"]
[Black "Jovic, Stevan"]
[Result "1-0"]
[WhiteElo "1905"]
[BlackElo "2108"]
[PlyCount "51"]
[EventDate "2020.05.20"]
[EventType "swiss (blitz)"]
[EventRounds "11"]
[EventCountry "USA"]
[SourceTitle "CBM 196 Extra"]
[Source "ChessBase"]
[SourceDate "2020.07.31"]
[SourceVersion "1"]
[SourceVersionDate "2020.07.31"]
[SourceQuality "1"]

1. d4 c6 2. c4 d5 3. Nc3 Nf6 4. Bg5 dxc4 5. a4 Nd5 6. e4 Nxc3 7. bxc3 b5 8. axb5 cxb5 9. Nf3 Bb7 10. d5 h6 11. Be3 a6 12. Be2 Nd7 13. 0-0 g6 14. Bd4 Nf6 15. Qb1 Qc7 16. d6 Qd7 17. e5 Nd5 18. e6 Qxe6 19. Bxc4 f6 20. dxe7 Bxe7 21. Re1 Qd6 22. Qxg6+ Kf8 23. Bb3 Rg8 24. Qxh6+ Rg7 25. Re4 Re8 26. Rg4 1-0

[Event "Anti Cheating Blitz Cup"]
[Site "Chess.com INT"]
[Date "2020.05.20"]
[Round "8"]
[White "Gelardi, Davide"]
[Black "Quinones, Cesar Luis"]
[Result "1/2-1/2"]
[WhiteElo "1905"]
[BlackElo "2154"]
[PlyCount "122"]
[EventDate "2020.05.20"]
[EventType "swiss (blitz)"]
[EventRounds "11"]
[EventCountry "USA"]
[SourceTitle "CBM 196 Extra"]
[Source "ChessBase"]
[SourceDate "2020.07.31"]
[SourceVersion "1"]
[SourceVersionDate "2020.07.31"]
[SourceQuality "1"]

1. d4 Nf6 2. Bg5 Ne4 3. Bf4 c5 4. f3 Nf6 5. d5 Qb6 6. b3 d6 7. e4 g6 8. Nd2 Bg7 9. Bd3 Nh5 10. Nc4 Qd8 11. Bd2 Nd7 12. Ne2 0-0 13. Bc3 b5 14. Ne3 Bxc3+ 15. Nxc3 a6 16. 0-0 e5 17. Qd2 Nf4 18. g3 Qg5 19. Ne2 Nxd3 20. Qxd3 c4 21. Qd2 Nc5 22. Nxc4 Qe7 23. Ne3 f5 24. exf5 gxf5 25. b4 Na4 26. f4 Bd7 27. a3 Rae8 28. Rae1 e4 29. Qd4 Rc8 30. g4 Qg7 31. h3 fxg4 32. hxg4 Nc3 33. Qxg7+ Kxg7 34. Nxc3 Rxc3 35. Nf5+ Bxf5 36. gxf5 Rxf5 37. Rxe4 Rxa3 38. Re7+ Rf7 39. Rxf7+ Kxf7 40. Kg2 Rc3 41. Rf2 Rc4 42. Rf3 Rxb4 43. c3 Rc4 44. Kg3 Kf6 45. Kg4 a5 46. Re3 b4 47. Re6+ Kf7 48. cxb4 axb4 49. Rxd6 b3 50. Rb6 Rc3 51. d6 Ke6 52. f5+ Kd7 53. Kg5 Rc1 54. Kf6 h5 55. Ke5 Re1+ 56. Kf6 h4 57. Rxb3 Kxd6 58. Rh3 Re4 59. Kg5 Ke5 60. Rxh4 Rxh4 61. Kxh4 Kxf5 1/2-1/2

[Event "Anti Cheating Blitz Cup"]
[Site "Chess.com INT"]
[Date "2020.05.20"]
[Round "9"]
[White "Gelardi, Davide"]
[Black "Vidal Martinez, Salvador"]
[Result "1-0"]
[WhiteElo "1905"]
[BlackElo "1585"]
[PlyCount "105"]
[EventDate "2020.05.20"]
[EventType "swiss (blitz)"]
[EventRounds "11"]
[EventCountry "USA"]
[SourceTitle "CBM 196 Extra"]
[Source "ChessBase"]
[SourceDate "2020.07.31"]
[SourceVersion "1"]
[SourceVersionDate "2020.07.31"]
[SourceQuality "1"]

1. d4 Nf6 2. Bg5 Ne4 3. Bf4 c5 4. f3 Qa5+ 5. c3 Nf6 6. d5 d6 7. Nd2 Qd8 8. e4 g6 9. Bb5+ Bd7 10. Bd3 Bg7 11. Ne2 b5 12. 0-0 0-0 13. Bg3 a5 14. a4 bxa4 15. Bc2 Qb6 16. Nc4 Qa7 17. Bxa4 Qc7 18. Bh4 Bxa4 19. Rxa4 Nbd7 20. Qa1 Nb6 21. Rxa5 Rxa5 22. Qxa5 Rb8 23. Rb1 Qb7 24. Qxb6 Qxb6 25. Nxb6 Rxb6 26. b4 cxb4 27. cxb4 Kf8 28. Bf2 Rb7 29. Nd4 Nd7 30. Nc6 Ne5 31. b5 Nd3 32. Be3 Nc5 33. b6 Ke8 34. Na5 Rb8 35. b7 Kd7 36. Bxc5 dxc5 37. Nc6 Kc7 38. Nxb8 Kxb8 39. Rb5 Bd4+ 40. Kf1 Be3 41. Ke2 Bd4 42. Kd3 Bg1 43. h3 Bf2 44. e5 Bd4 45. f4 Bf2 46. Ke4 c4 47. d6 exd6 48. exd6 Bh4 49. Kd5 c3 50. Rc5 Bf6 51. Rc7 Bd8 52. Rxf7 c2 53. Rf8 1-0

[Event "Terre degli Elimi op 7th"]
[Site "Erice"]
[Date "2016.08.04"]
[Round "9"]
[White "Bertino, Giacomo"]
[Black "Gelardi, Davide"]
[Result "0-1"]
[WhiteElo "1950"]
[BlackElo "1929"]
[PlyCount "120"]
[EventDate "2016.07.28"]
[EventType "swiss"]
[EventRounds "9"]
[EventCountry "ITA"]
[SourceTitle "EXT 2017"]
[Source "ChessBase"]
[SourceDate "2016.10.25"]
[SourceVersion "1"]
[SourceVersionDate "2016.10.25"]
[SourceQuality "1"]

1. e4 e6 2. d4 d5 3. Bd3 Nf6 4. exd5 exd5 5. Bg5 Be7 6. Ne2 0-0 7. Nd2 b6 8. 0-0 c5 9. c3 Nc6 10. Rc1 Bb7 11. Re1 Re8 12. dxc5 bxc5 13. Ng3 h6 14. Bxf6 Bxf6 15. Rxe8+ Qxe8 16. Nh5 Bg5 17. Bb1 Qe6 18. f4 Bxf4 19. Nxf4 Qe3+ 20. Kh1 Qxf4 21. Qe2 d4 22. Rf1 Qe3 23. Qh5 Qe7 24. Ne4 Ne5 25. Ng3 d3 26. Nf5 Qg5 27. Qxg5 hxg5 28. Nd6 Bc6 29. Nf5 Kf8 30. b3 a5 31. Rd1 Rd8 32. c4 g6 33. Ne3 f5 34. Rd2 Kf7 35. Nd1 Ke6 36. Nb2 Be4 37. Na4 Kd6 38. Bc2 Kc6 39. Bd1 Rd4 40. Kg1 Kd6 41. Nc3 Ke6 42. Kf2 Bc6 43. a4 g4 44. Nb5 Rd7 45. Kg3 g5 46. Nc3 f4+ 47. Kf2 Rh7 48. Kg1 Kf5 49. Rf2 Re7 50. Rd2 Rd7 51. Kf2 Ng6 52. h3 gxh3 53. gxh3 Ne5 54. Bh5 Rh7 55. Bg4+ Nxg4+ 56. hxg4+ Kxg4 57. Rxd3 Rh2+ 58. Kg1 Rb2 59. Nd5 Rb1+ 60. Kf2 Rb2+ 0-1

[Event "Terre degli Elimi op 7th"]
[Site "Erice"]
[Date "2016.08.02"]
[Round "6"]
[White "Castelli, Giovanni J"]
[Black "Gelardi, Davide"]
[Result "1/2-1/2"]
[WhiteElo "1958"]
[BlackElo "1929"]
[PlyCount "84"]
[EventDate "2016.07.28"]
[EventType "swiss"]
[EventRounds "9"]
[EventCountry "ITA"]
[SourceTitle "EXT 2017"]
[Source "ChessBase"]
[SourceDate "2016.10.25"]
[SourceVersion "1"]
[SourceVersionDate "2016.10.25"]
[SourceQuality "1"]

1. c4 e6 2. Nc3 f5 3. d4 b6 4. Nf3 Bb7 5. g3 Nf6 6. Bg2 Bd6 7. 0-0 0-0 8. Bg5 a5 9. Qc2 Qe8 10. Nb5 Na6 11. Nxd6 cxd6 12. Qb3 Rb8 13. Rad1 Kh8 14. Bxf6 Rxf6 15. Qd3 f4 16. Qd2 Qh5 17. h4 Rbf8 18. Ng5 Bxg2 19. Kxg2 Qg4 20. Qd3 Rf5 21. Qf3 Qxf3+ 22. Nxf3 fxg3 23. fxg3 h6 24. e4 R5f7 25. e5 dxe5 26. Nxe5 Rxf1 27. Rxf1 Rxf1 28. Kxf1 Nb8 29. Kf2 Kg8 30. Ke3 d6 31. Nd3 Nd7 32. b3 Kf7 33. a3 Kf6 34. b4 axb4 35. axb4 Kf5 36. c5 bxc5 37. dxc5 dxc5 38. bxc5 Ne5 39. Nf4 Nc6 40. g4+ Ke5 41. Nd3+ Kd5 42. Nf4+ Ke5 1/2-1/2

[Event "Terre degli Elimi op 7th"]
[Site "Erice"]
[Date "2016.08.02"]
[Round "7"]
[White "Gelardi, Davide"]
[Black "Suleimanov, Marat M"]
[Result "0-1"]
[WhiteElo "1929"]
[BlackElo "2045"]
[PlyCount "84"]
[EventDate "2016.07.28"]
[EventType "swiss"]
[EventRounds "9"]
[EventCountry "ITA"]
[SourceTitle "EXT 2017"]
[Source "ChessBase"]
[SourceDate "2016.10.25"]
[SourceVersion "1"]
[SourceVersionDate "2016.10.25"]
[SourceQuality "1"]

1. d4 Nf6 2. Bg5 Ne4 3. Bf4 d5 4. e3 c6 5. Bd3 Qb6 6. Bxe4 dxe4 7. b3 Nd7 8. Ne2 g5 9. Bg3 Bg7 10. Nd2 f5 11. h4 h6 12. hxg5 hxg5 13. Rxh8+ Bxh8 14. Nf4 Nf6 15. Ng6 Bg7 16. Be5 Be6 17. Qe2 Qa5 18. Kf1 Qb5 19. Qxb5 cxb5 20. c4 Kf7 21. Nxe7 Kxe7 22. d5 Bd7 23. c5 Bh8 24. Bxf6+ Bxf6 25. Rc1 b4 26. g4 Bb2 27. Rc2 Bc3 28. gxf5 Bb5+ 29. Nc4 Rf8 30. Kg2 Bxc4 31. bxc4 Rxf5 32. a3 a5 33. axb4 Bxb4 34. Rb2 Rf8 35. Kg3 Rc8 36. f3 exf3 37. Kxf3 Rxc5 38. Rg2 Kf6 39. Rg4 Bc3 40. e4 Be5 41. Rg1 Rxc4 42. Rd1 Rc3+ 0-1

[Event "Terre degli Elimi op 7th"]
[Site "Erice"]
[Date "2016.07.28"]
[Round "1"]
[White "Hellwig, Tobias"]
[Black "Gelardi, Davide"]
[Result "1-0"]
[WhiteElo "2182"]
[BlackElo "1929"]
[PlyCount "59"]
[EventDate "2016.07.28"]
[EventType "swiss"]
[EventRounds "9"]
[EventCountry "ITA"]
[SourceTitle "EXT 2017"]
[Source "ChessBase"]
[SourceDate "2016.10.25"]
[SourceVersion "1"]
[SourceVersionDate "2016.10.25"]
[SourceQuality "1"]

1. d4 e6 2. c4 Bb4+ 3. Nc3 f5 4. a3 Bxc3+ 5. bxc3 Nf6 6. Nf3 d6 7. a4 0-0 8. Ba3 Re8 9. g3 Ne4 10. Qb3 Nd7 11. Bg2 Ndf6 12. 0-0 Kh8 13. Rad1 c6 14. Ne1 Qc7 15. f3 Ng5 16. Nd3 Bd7 17. c5 d5 18. Bc1 Nf7 19. Bf4 Qa5 20. h4 b5 21. axb5 Qxb5 22. Qa3 a5 23. Rb1 Qc4 24. Rb7 Kg8 25. Rfb1 Bc8 26. Rxf7 Nh5 27. Rc7 Nxf4 28. gxf4 Ba6 29. Rxc6 Reb8 30. Rcb6 1-0

[Event "Etna op 2nd"]
[Site "Nicolosi"]
[Date "2015.12.06"]
[Round "5"]
[White "Said, Oliver"]
[Black "Gelardi, Davide"]
[Result "1/2-1/2"]
[WhiteElo "1944"]
[BlackElo "1927"]
[PlyCount "120"]
[EventDate "2015.12.04"]
[EventType "swiss"]
[EventRounds "7"]
[EventCountry "ITA"]
[SourceTitle "CBM 170 Extra"]
[Source "ChessBase"]
[SourceDate "2016.02.25"]
[SourceVersion "1"]
[SourceVersionDate "2016.02.25"]
[SourceQuality "1"]

1. e4 e6 2. d4 d5 3. Nc3 Nf6 4. Bg5 dxe4 5. Nxe4 Be7 6. Bxf6 gxf6 7. Nf3 f5 8. Ng3 c5 9. Qd2 a6 10. 0-0-0 Nc6 11. Kb1 cxd4 12. Nxd4 Qxd4 13. Qxd4 Nxd4 14. Rxd4 Bd7 15. Nh5 0-0-0 16. Bc4 Bc6 17. Rxd8+ Rxd8 18. Bd3 Bxg2 19. Rg1 Bf3 20. Nf4 Bd6 21. Nh3 Bxh2 22. Rg7 Bh5 23. Rxh7 Bg6 24. Rh4 Be5 25. Rc4+ Kb8 26. a4 Rd4 27. f4 Rxc4 28. Bxc4 Bd6 29. Be2 Kc7 30. Kc1 f6 31. Kd2 e5 32. Ke3 Be8 33. b3 Bc5+ 34. Kd2 Bc6 35. Bd3 Bd7 36. c3 Bf8 37. Bc2 Kd6 38. Ke3 Bh6 39. Kd3 Kd5 40. Ke3 exf4+ 41. Kf3 Ke5 42. Ng1 Bc6+ 43. Ke2 Be4 44. Nf3+ Kd5 45. Bd1 Bf8 46. Kd2 Bd6 47. Be2 Be5 48. Bd1 Kc5 49. Be2 b5 50. axb5 axb5 51. Bd1 b4 52. c4 Bd4 53. Ke2 Be3 54. Kf1 Bxf3 55. Bxf3 Kd4 56. c5 Kc3 57. Bd5 Bxc5 58. Bc4 Kd4 59. Be6 f3 60. Bc4 f4 1/2-1/2

[Event "Etna op 2nd"]
[Site "Nicolosi"]
[Date "2015.12.04"]
[Round "1"]
[White "Valguarnera, Girolamo"]
[Black "Gelardi, Davide"]
[Result "1-0"]
[WhiteElo "2110"]
[BlackElo "1927"]
[PlyCount "149"]
[EventDate "2015.12.04"]
[EventType "swiss"]
[EventRounds "7"]
[EventCountry "ITA"]
[SourceTitle "CBM 170 Extra"]
[Source "ChessBase"]
[SourceDate "2016.02.25"]
[SourceVersion "1"]
[SourceVersionDate "2016.02.25"]
[SourceQuality "1"]

1. Nf3 Nf6 2. g3 g6 3. Bg2 Bg7 4. 0-0 d5 5. c4 c6 6. d4 0-0 7. Nc3 a6 8. Qb3 e6 9. Bg5 Nbd7 10. cxd5 exd5 11. Rad1 Re8 12. e4 Qb6 13. exd5 Qxb3 14. axb3 cxd5 15. Rfe1 h6 16. Bf4 g5 17. Bc7 b5 18. Nxd5 Rxe1+ 19. Nxe1 Nxd5 20. Bxd5 Ra7 21. Ba5 Nf6 22. Bg2 Be6 23. b4 Rd7 24. Bb6 Bf8 25. Bc5 Nd5 26. Nd3 Bg7 27. Ne5 Rc7 28. h3 a5 29. Bd6 Ra7 30. Nc6 Ra6 31. Ne7+ Nxe7 32. Bxe7 axb4 33. Bxb4 Bc4 34. Bc5 Ra2 35. Rd2 Ra1+ 36. Kh2 Be6 37. Bc6 Bf6 38. b4 Bc4 39. Bg2 Bd8 40. d5 f6 41. d6 Kg7 42. d7 Re1 43. Bb7 h5 44. Bf3 Kg6 45. Rd4 Rf1 46. Kg2 Re1 47. Be4+ Kg7 48. Bd5 Bf1+ 49. Kh2 h4 50. gxh4 Bc7+ 51. f4 gxf4 52. Bf3 Bd8 53. Bd6 Re3 54. Rxf4 Rd3 55. Bg4 Bxh3 56. Bxh3 Rxd6 57. Re4 Bc7 58. Kg2 Rd3 59. Be6 Rg3+ 60. Kf2 Rd3 61. Ke2 Rd6 62. Kf3 Kg6 63. Rg4+ Kh6 64. Bf5 Rd5 65. Rg6+ Kh5 66. Rxf6 Kxh4 67. Ke4 Re5+ 68. Kd4 Kg5 69. Rc6 Re1 70. Rxc7 Kxf5 71. Kc5 Rd1 72. Kxb5 Ke6 73. Kb6 Rd6+ 74. Kb7 Rd5 75. Kc8 1-0

[Event "Terre degli Elimi op 6th"]
[Site "Erice"]
[Date "2015.08.02"]
[Round "7"]
[White "Ryzhkov, Vjacheslav"]
[Black "Gelardi, Davide"]
[Result "1-0"]
[WhiteElo "2144"]
[BlackElo "1884"]
[PlyCount "151"]
[EventDate "2015.07.28"]
[EventType "swiss"]
[EventRounds "9"]
[EventCountry "ITA"]
[SourceTitle "EXT 2017"]
[Source "ChessBase"]
[SourceDate "2016.10.25"]
[SourceVersion "1"]
[SourceVersionDate "2016.10.25"]
[SourceQuality "1"]

1. e4 e6 2. d4 d5 3. Nc3 Nf6 4. e5 Nfd7 5. f4 c5 6. Nf3 Nc6 7. Be3 cxd4 8. Nxd4 Bc5 9. Qd2 0-0 10. 0-0-0 a6 11. h4 Nxd4 12. Bxd4 b5 13. h5 b4 14. Na4 Bxd4 15. Qxd4 a5 16. Bd3 Ba6 17. Kb1 Bxd3 18. Rxd3 Qc7 19. c4 bxc3 20. Rxc3 Qb7 21. h6 g6 22. Nc5 Qa7 23. Qf2 f6 24. Qc2 Nxc5 25. Rxc5 fxe5 26. Rc7 Qb6 27. Rg7+ Kh8 28. Rc1 Rab8 29. b3 Rg8 30. Rxg8+ Kxg8 31. fxe5 a4 32. Qc7 Qxc7 33. Rxc7 axb3 34. Rg7+ Kh8 35. a3 b2 36. Re7 Kg8 37. Rxe6 Kf7 38. Rd6 d4 39. Rxd4 Ke6 40. Rb4 Rd8 41. a4 Kxe5 42. a5 Ra8 43. Ra4 Ra6 44. Kxb2 Kd5 45. Kc3 Kc5 46. Ra2 g5 47. Kd3 Kd5 48. Ra4 g4 49. Ra2 g3 50. Ke3 Kc4 51. Kf3 Kb3 52. Ra1 Kb2 53. Ra4 Kb3 54. Rg4 Rxh6 55. Kxg3 Rh5 56. Rh4 Rg5+ 57. Kf3 h5 58. a6 Rf5+ 59. Ke4 Ra5 60. a7 Ra4+ 61. Kf5 Ra5+ 62. Kg6 Rxa7 63. Rxh5 Ra6+ 64. Kg5 Ra5+ 65. Kh4 Ra4+ 66. g4 Kc4 67. Rf5 Ra1 68. Kh5 Kd4 69. g5 Ke4 70. Rb5 Kf4 71. Kh6 Rh1+ 72. Kg7 Rc1 73. g6 Rc7+ 74. Kh8 Rc8+ 75. Kh7 Rc7+ 76. g7 1-0

[Event "Terre degli Elimi op 6th"]
[Site "Erice"]
[Date "2015.07.31"]
[Round "5"]
[White "Gelardi, Davide"]
[Black "Matsenko, Vadim"]
[Result "1/2-1/2"]
[WhiteElo "1884"]
[BlackElo "2102"]
[PlyCount "63"]
[EventDate "2015.07.28"]
[EventType "swiss"]
[EventRounds "9"]
[EventCountry "ITA"]
[SourceTitle "EXT 2017"]
[Source "ChessBase"]
[SourceDate "2016.10.25"]
[SourceVersion "1"]
[SourceVersionDate "2016.10.25"]
[SourceQuality "1"]

1. d4 Nf6 2. c4 e6 3. Nc3 Bb4 4. f3 d5 5. a3 Bxc3+ 6. bxc3 0-0 7. Bg5 h6 8. Bh4 b6 9. e3 Bb7 10. Bd3 c5 11. Ne2 Nbd7 12. 0-0 Rc8 13. cxd5 exd5 14. Bf5 Bc6 15. c4 g5 16. cxd5 Bxd5 17. Bg3 cxd4 18. Nxd4 Qe7 19. e4 Bc4 20. Re1 Nh5 21. Bxd7 Qxd7 22. Nf5 Qxd1 23. Rexd1 Kh7 24. Nd6 Nxg3 25. hxg3 Rc6 26. Rac1 b5 27. a4 a6 28. axb5 axb5 29. Nxc4 bxc4 30. Rc3 Kg6 31. Rdc1 Rfc8 32. Kf2 1/2-1/2

[Event "Nicolosi Etna op 1st"]
[Site "Nicolosi"]
[Date "2014.12.08"]
[Round "7"]
[White "Aceto, Andrea"]
[Black "Gelardi, Davide"]
[Result "0-1"]
[WhiteElo "1771"]
[BlackElo "1863"]
[PlyCount "110"]
[EventDate "2014.12.05"]
[EventType "swiss"]
[EventRounds "7"]
[EventCountry "ITA"]
[SourceTitle "CBM 163 Extra"]
[Source "ChessBase"]
[SourceDate "2014.12.23"]
[SourceVersion "1"]
[SourceVersionDate "2014.12.23"]
[SourceQuality "1"]

1. d4 c5 2. Nf3 g6 3. e3 Bg7 4. Nc3 Nh6 5. Bc4 a6 6. a4 0-0 7. 0-0 Nc6 8. d5 Na5 9. Qe2 Nxc4 10. Qxc4 d6 11. Bd2 Bd7 12. Rfe1 Rb8 13. Rab1 b5 14. axb5 axb5 15. Qf4 Nf5 16. h3 e5 17. Qh2 b4 18. Ne4 Qc7 19. c4 Ne7 20. Ng3 f5 21. e4 f4 22. Ne2 h6 23. Nxf4 exf4 24. Bxf4 Rxf4 25. Qxf4 g5 26. Qe3 Ng6 27. Qd2 Rf8 28. Ra1 Bxh3 29. Nxg5 hxg5 30. gxh3 Nh4 31. Re3 Nf3+ 32. Rxf3 Rxf3 33. Ra8+ Kh7 34. Qxg5 Qf7 35. Qh4+ Bh6 36. Rd8 Rf6 37. Kf1 Qe7 38. Re8 Rxf2+ 39. Qxf2 Qxe8 40. Qf5+ Qg6 41. Qxg6+ Kxg6 42. b3 Kh5 43. Ke2 Bf4 44. Kf2 Kh4 45. Kf3 Bg3 46. Kg2 Be5 47. Kf3 Kxh3 48. Kf2 Kg4 49. Ke3 Bd4+ 50. Kd3 Kf4 51. Kc2 Kxe4 52. Kd2 Bc3+ 53. Kc2 Ke3 54. Kc1 Kd3 55. Kb1 Kd2 0-1

[Event "Nicolosi Etna op 1st"]
[Site "Nicolosi"]
[Date "2014.12.07"]
[Round "4"]
[White "Gelardi, Davide"]
[Black "Seminara, Antonio"]
[Result "1-0"]
[WhiteElo "1863"]
[BlackElo "1963"]
[PlyCount "95"]
[EventDate "2014.12.05"]
[EventType "swiss"]
[EventRounds "7"]
[EventCountry "ITA"]
[SourceTitle "CBM 163 Extra"]
[Source "ChessBase"]
[SourceDate "2014.12.23"]
[SourceVersion "1"]
[SourceVersionDate "2014.12.23"]
[SourceQuality "1"]

1. c4 e5 2. Nc3 Nc6 3. g3 d6 4. Bg2 g6 5. Nf3 Bg7 6. 0-0 f5 7. d3 Nf6 8. Bd2 0-0 9. Rb1 a5 10. a3 h6 11. Ne1 Ne7 12. b4 c6 13. b5 g5 14. bxc6 bxc6 15. Qb3 Kh8 16. Nc2 Bd7 17. a4 Qc7 18. Qb6 Rfc8 19. Qxc7 Rxc7 20. Nb5 cxb5 21. Bxa8 b4 22. Nxb4 axb4 23. Bxb4 Nc8 24. a5 Ra7 25. Bg2 e4 26. Bd2 Kg8 27. Rb8 Kf7 28. Rfb1 Ke6 29. R8b7 Ra6 30. d4 f4 31. e3 fxe3 32. fxe3 Kf5 33. Rf1+ Kg6 34. Rxf6+ Bxf6 35. Rxd7 Kf5 36. Rb7 Rc6 37. Bf1 Be7 38. Be2 Bd8 39. h3 Kf6 40. g4 Be7 41. Bc3 d5 42. c5 Bd8 43. Bb5 Rc7 44. Rb8 Ke7 45. a6 Ra7 46. Rb7+ Ke6 47. Bd7+ Kf6 48. Bxc8 1-0

[Event "Terre degli Elimi op 5th"]
[Site "Erice"]
[Date "2014.07.23"]
[Round "6"]
[White "Gelardi, Davide"]
[Black "Castelli, Giovanni J"]
[Result "1/2-1/2"]
[WhiteElo "1851"]
[BlackElo "1909"]
[PlyCount "85"]
[EventDate "2014.07.19"]
[EventType "swiss"]
[EventRounds "9"]
[EventCountry "ITA"]
[SourceTitle "CBM 161 Extra"]
[Source "ChessBase"]
[SourceDate "2014.08.29"]
[SourceVersion "1"]
[SourceVersionDate "2014.08.29"]
[SourceQuality "1"]

1. Nf3 d5 2. c4 dxc4 3. Na3 a6 4. Nxc4 b5 5. Ne3 Bb7 6. g3 Nf6 7. Bg2 e6 8. 0-0 Be7 9. b3 0-0 10. Bb2 c5 11. Rc1 Nbd7 12. d3 Rc8 13. Qd2 Qb6 14. g4 Nd5 15. Ne5 Nxe5 16. Bxe5 Rfd8 17. Kh1 f6 18. Bg3 Nxe3 19. Qxe3 Bxg2+ 20. Kxg2 Qc6+ 21. Kg1 Qd5 22. Rfd1 e5 23. g5 Qd4 24. gxf6 Qxe3 25. fxe3 Bxf6 26. Kg2 Bg5 27. Kf3 Re8 28. Ke4 Bf6 29. Rc2 h5 30. Rdc1 h4 31. Be1 Be7 32. Bb4 Rf8 33. Bxc5 Bxc5 34. Rxc5 Rxc5 35. Rxc5 Rf2 36. Rc2 Rxh2 37. Kxe5 Rh1 38. Kf4 Rg1 39. Rc5 g6 40. Rc8+ Kg7 41. Rc7+ Kh6 42. Rc8 Kg7 43. Rc7+ 1/2-1/2

[Event "Terre degli Elimi op 5th"]
[Site "Erice"]
[Date "2014.07.21"]
[Round "4"]
[White "Antoniacci, Ricardo"]
[Black "Gelardi, Davide"]
[Result "1/2-1/2"]
[WhiteElo "1877"]
[BlackElo "1851"]
[PlyCount "141"]
[EventDate "2014.07.19"]
[EventType "swiss"]
[EventRounds "9"]
[EventCountry "ITA"]
[SourceTitle "CBM 161 Extra"]
[Source "ChessBase"]
[SourceDate "2014.08.29"]
[SourceVersion "1"]
[SourceVersionDate "2014.08.29"]
[SourceQuality "1"]

1. e4 e6 2. d3 d5 3. Nd2 Nf6 4. g3 c5 5. Bg2 Nc6 6. Ngf3 Be7 7. 0-0 0-0 8. e5 Nd7 9. Re1 Qc7 10. Qe2 b5 11. h4 a5 12. Nf1 Ba6 13. Bf4 b4 14. Qd2 Nb6 15. Ne3 Rfd8 16. Ng4 c4 17. d4 c3 18. bxc3 bxc3 19. Qc1 Nc4 20. a3 Qb6 21. Bg5 Qb2 22. Bxe7 Qxc1 23. Rexc1 Nxe7 24. Bf1 Rdc8 25. Ne3 Nxe3 26. fxe3 Bxf1 27. Kxf1 Rab8 28. Ne1 Rb2 29. Rcb1 Rcb8 30. Rxb2 Rxb2 31. Ke2 Nf5 32. Kd3 Nxg3 33. Kxc3 Rb8 34. a4 Nf5 35. Ng2 f6 36. exf6 gxf6 37. Kd3 Ng3 38. Nf4 Kf7 39. h5 Ne4 40. h6 Rb4 41. Ra3 Nf2+ 42. Ke2 Ng4 43. Rb3 Rxb3 44. cxb3 Nxh6 45. b4 Nf5 46. bxa5 Nd6 47. a6 Nc8 48. Kf3 Ke7 49. Kg4 Kd6 50. Kh5 e5 51. Nd3 exd4 52. exd4 Kc6 53. Kh6 Nb6 54. Nb4+ Kd6 55. a5 Nc8 56. Kxh7 f5 57. Nd3 Kc6 58. Kg6 Kb5 59. Kxf5 Kxa5 60. Ke5 Kxa6 61. Kxd5 Kb5 62. Ne5 Nb6+ 63. Kd6 Nc8+ 64. Kd7 Nb6+ 65. Kc7 Nd5+ 66. Kd6 Nc3 67. Ke6 Kb6 68. Kd7 Kb5 69. Kd6 Kb6 70. Nc4+ Kb5 71. Ne3 1/2-1/2

[Event "Terre degli Elimi op 5th"]
[Site "Erice"]
[Date "2014.07.19"]
[Round "1"]
[White "Gelardi, Davide"]
[Black "Van der Eijk, Martijn"]
[Result "0-1"]
[WhiteElo "1851"]
[BlackElo "2198"]
[PlyCount "68"]
[EventDate "2014.07.19"]
[EventType "swiss"]
[EventRounds "9"]
[EventCountry "ITA"]
[SourceTitle "CBM 161 Extra"]
[Source "ChessBase"]
[SourceDate "2014.08.29"]
[SourceVersion "1"]
[SourceVersionDate "2014.08.29"]
[SourceQuality "1"]

1. Nf3 d6 2. d4 g6 3. c4 Bg7 4. Nc3 Nd7 5. e4 e5 6. Bg5 Ngf6 7. Be2 0-0 8. Qd2 c6 9. 0-0-0 Qa5 10. dxe5 dxe5 11. Ne1 b5 12. cxb5 cxb5 13. Bxb5 Nxe4 14. Nxe4 Qxb5 15. Nd6 Qa6 16. Kb1 Nb6 17. Nc2 Nc4 18. Nxc4 Qxc4 19. Qb4 Qc7 20. Ne3 Rb8 21. Qd2 Be6 22. Rc1 Qb7 23. Nc4 Qxg2 24. Be7 Bxc4 25. Bxf8 Bxf8 26. Qc3 Qb7 27. b3 Bd5 28. Rhg1 Be4+ 29. Ka1 Bf5 30. Qe3 Bg7 31. a3 Be6 32. Rb1 Qa6 33. Ka2 Bf8 34. a4 Qxa4+ 0-1

[Event "Terre degli Elimi op 4th"]
[Site "Erice"]
[Date "2013.07.27"]
[Round "5"]
[White "Dagnino, Marcello"]
[Black "Gelardi, Davide"]
[Result "0-1"]
[WhiteElo "1516"]
[BlackElo "1854"]
[PlyCount "72"]
[EventDate "2013.07.24"]
[EventType "swiss"]
[EventRounds "7"]
[EventCountry "ITA"]
[SourceTitle "EXT 2015"]
[Source "ChessBase"]
[SourceDate "2014.11.20"]
[SourceVersion "1"]
[SourceVersionDate "2014.11.20"]
[SourceQuality "1"]

1. Nf3 d5 2. g3 c5 3. Bg2 Nc6 4. d3 Nf6 5. 0-0 e6 6. Nbd2 Be7 7. e4 0-0 8. Re1 dxe4 9. dxe4 Qc7 10. c3 b5 11. a3 Rd8 12. Qc2 Bb7 13. b3 a5 14. a4 b4 15. c4 Ng4 16. Bb2 Nge5 17. Rad1 Nd3 18. Re3 Nxb2 19. Qxb2 Nd4 20. Nxd4 Rxd4 21. Qc2 Rad8 22. Kf1 Bf6 23. Ke2 e5 24. Ke1 Bg5 25. Bf3 Bxe3 26. fxe3 Rd3 27. Nf1 Qd7 28. Rxd3 Qxd3 29. Qxd3 Rxd3 30. Bd1 Rc3 31. Kd2 Bxe4 32. h4 Bb1 33. Ke2 Bd3+ 34. Ke1 Bxf1 35. Kxf1 Rxe3 36. Kf2 Rd3 0-1